Large Scale inhomogenous thermodynamics and application for atmospheric energetics (Record no. 1184)
[ view plain ]
| 000 -LEADER | |
|---|---|
| fixed length control field | 00494nam a2200157Ia 4500 |
| 008 - FIXED-LENGTH DATA ELEMENTS--GENERAL INFORMATION | |
| fixed length control field | 230312s9999||||xx |||||||||||||| ||und|| |
| 020 ## - INTERNATIONAL STANDARD BOOK NUMBER | |
| International Standard Book Number | 8130909375 |
| 082 ## - DEWEY DECIMAL CLASSIFICATION NUMBER | |
| Classification number | 621.4021 |
| Item number | ZUH-L |
| 100 ## - MAIN ENTRY--PERSONAL NAME | |
| Personal name | Zhu, Yong |
| 245 #0 - TITLE STATEMENT | |
| Title | Large Scale inhomogenous thermodynamics and application for atmospheric energetics |
| 260 ## - PUBLICATION, DISTRIBUTION, ETC. | |
| Name of publisher, distributor, etc. | Viva book |
| Place of publication, distribution, etc. | New Delhi |
| Date of publication, distribution, etc. | 2008 |
| 300 ## - PHYSICAL DESCRIPTION | |
| Extent | 634 |
| 546 ## - LANGUAGE NOTE | |
| Language note | Eng. |
| 650 ## - SUBJECT ADDED ENTRY--TOPICAL TERM | |
| Topical term or geographic name entry element | Engineering |
| Form subdivision | Molecular transport process, Trubulent entropy and universal principle, |
| 942 ## - ADDED ENTRY ELEMENTS (KOHA) | |
| Koha item type | BOOK |
| Withdrawn status | Lost status | Source of classification or shelving scheme | Damaged status | Not for loan | Home library | Current library | Date acquired | Total Checkouts | Full call number | Barcode | Date last seen | Price effective from | Koha item type |
|---|---|---|---|---|---|---|---|---|---|---|---|---|---|
| Dewey Decimal Classification | Superior Information Resource Center (SIRC) Superior University- Main Campus | Superior Information Resource Center (SIRC) Superior University- Main Campus | 03/13/2023 | 621.4021 ZUH-L | 1194 | 03/13/2023 | 03/13/2023 | BOOK |
